[Event "GER-ch60 final email"]
[Site "GER email"]
[Date "2012.01.28"]
[Round "?"]
[White "Kermer, Wolf Dieter"]
[Black "Noth, Dieter"]
[Result "1/2-1/2"]
[WhiteElo "2143"]
[BlackElo "2124"]
[PlyCount "47"]
[EventDate "2012.02.13"]
[EventType "tourn (corr)"]
[EventRounds "13"]
[EventCountry "GER"]
[SourceTitle "Corr 2015"]
[Source "ChessBase"]
[SourceDate "2015.07.17"]
[SourceVersion "1"]
[SourceVersionDate "2015.07.17"]
[SourceQuality "1"]

1. c4 Nf6 2. Nc3 e6 3. e4 c5 4. e5 Ng8 5. Nf3 Nc6 6. d4 cxd4 7. Nxd4 Nxe5 8. Ndb5 f6 9. Bf4 a6 10. Nd6+ Bxd6 11. Qxd6 Nf7 12. Qa3 Ne7 13. Be2 0-0 14. Rd1 e5 15. Be3 d6 16. 0-0 Be6 17. Ne4 Nf5 18. Bc5 Qc8 19. Nxd6 N7xd6 20. Bxd6 Rd8 21. Bc5 Qc6 22. Qa5 Rdc8 23. b4 Rab8 24. Ba7 1/2-1/2

[Event "GER-ch60 final email"]
[Site "GER email"]
[Date "2012.01.28"]
[Round "?"]
[White "Noth, Dieter"]
[Black "Bars, Joachim"]
[Result "1/2-1/2"]
[WhiteElo "2124"]
[BlackElo "2162"]
[PlyCount "61"]
[EventDate "2012.02.13"]
[EventType "tourn (corr)"]
[EventRounds "13"]
[EventCountry "GER"]
[SourceTitle "Corr 2015"]
[Source "ChessBase"]
[SourceDate "2015.07.17"]
[SourceVersion "1"]
[SourceVersionDate "2015.07.17"]
[SourceQuality "1"]

1. Nf3 d5 2. d4 Nf6 3. c4 e6 4. g3 Be7 5. Bg2 0-0 6. 0-0 dxc4 7. Qc2 a6 8. Qxc4 b5 9. Qc2 Bb7 10. Bd2 Be4 11. Qc1 Bb7 12. Bf4 Nd5 13. Nc3 Nxf4 14. Qxf4 Nd7 15. Ne4 Rc8 16. Rfd1 Bd5 17. Nc3 Bd6 18. Qd2 Ba8 19. Rac1 Nb6 20. a3 Qe8 21. Qd3 Be7 22. Ne5 Bxg2 23. Kxg2 c5 24. e3 cxd4 25. exd4 Bf6 26. Ne4 Rxc1 27. Rxc1 Bxe5 28. dxe5 Qa8 29. f4 Rd8 30. Qf3 Rd4 31. Nf6+ 1/2-1/2

[Event "GER-ch60 final email"]
[Site "GER email"]
[Date "2012.01.28"]
[Round "?"]
[White "Noth, Dieter"]
[Black "Scharf, Wolfgang"]
[Result "1-0"]
[WhiteElo "2124"]
[BlackElo "2056"]
[PlyCount "117"]
[EventDate "2012.02.13"]
[EventType "tourn (corr)"]
[EventRounds "13"]
[EventCountry "GER"]
[SourceTitle "Corr 2015"]
[Source "ChessBase"]
[SourceDate "2015.07.17"]
[SourceVersion "1"]
[SourceVersionDate "2015.07.17"]
[SourceQuality "1"]

1. c4 e5 2. Nc3 Nf6 3. Nf3 Nc6 4. d4 exd4 5. Nxd4 Bb4 6. g3 Ne5 7. Qb3 Qe7 8. Bg2 Nd3+ 9. Kf1 Nxc1 10. Rxc1 Bc5 11. e3 0-0 12. Bf3 d6 13. Kg2 c6 14. Qc2 Re8 15. a3 a5 16. Rcd1 Qe5 17. Rhe1 Bb6 18. Rd2 h6 19. Red1 Bc7 20. Kg1 Bd7 21. Bg2 Bg4 22. Rf1 Bh5 23. Qb3 Rab8 24. Re1 Bg6 25. Rc1 Nd7 26. Qd1 Qh5 27. Nce2 Qe5 28. b4 axb4 29. axb4 Be4 30. Nc3 Bxg2 31. Kxg2 Nb6 32. Qb3 Ra8 33. b5 c5 34. Nde2 Qe6 35. Nd5 Nxd5 36. Rxd5 b6 37. Qc2 Ra7 38. Nf4 Qf6 39. h4 Qe7 40. Rd2 Rea8 41. Rcd1 Qe5 42. Qd3 Rb8 43. Qd5 Qe8 44. h5 Rba8 45. Qf3 Qe5 46. Qc6 Rb8 47. Rd3 Kf8 48. e4 Qe8 49. Nd5 Qxc6 50. bxc6 b5 51. cxb5 Rxb5 52. Rc1 Bd8 53. Rdd1 Rb8 54. Ra1 Rba8 55. Rxa7 Rxa7 56. f4 Ke8 57. Kf3 Ra3+ 58. Kg4 Ra7 59. Kf5 1-0

[Event "GER-ch60 final email"]
[Site "GER email"]
[Date "2012.01.28"]
[Round "?"]
[White "Wagner, Richard"]
[Black "Noth, Dieter"]
[Result "1-0"]
[WhiteElo "2208"]
[BlackElo "2124"]
[PlyCount "57"]
[EventDate "2012.02.13"]
[EventType "tourn (corr)"]
[EventRounds "13"]
[EventCountry "GER"]
[SourceTitle "Corr 2015"]
[Source "ChessBase"]
[SourceDate "2015.07.17"]
[SourceVersion "1"]
[SourceVersionDate "2015.07.17"]
[SourceQuality "1"]

1. e4 c5 2. Nf3 d6 3. d4 cxd4 4. Nxd4 Nf6 5. Nc3 g6 6. Be3 Bg7 7. f3 0-0 8. Qd2 Nc6 9. Bc4 Bd7 10. Bb3 Ne5 11. 0-0-0 Rc8 12. Kb1 Re8 13. h4 h5 14. g4 hxg4 15. h5 Nxh5 16. Bh6 Bf6 17. Nd5 a5 18. fxg4 Bxg4 19. Rdg1 Rc5 20. Nxf6+ exf6 21. Qf2 b5 22. a3 a4 23. Ba2 d5 24. Be3 Qd7 25. Nf5 Rc6 26. Bxd5 Bxf5 27. Bxc6 Qxc6 28. exf5 Ng4 29. Qe2 1-0